| 000 | 00694cam a22002293a 4500 | ||
|---|---|---|---|
| 001 | 43838 | ||
| 003 | PGUSA | ||
| 005 | 20140828084010.0 | ||
| 008 | 130928s2013||||xxu|||||s|||||000 | eng d | ||
| 040 |
_aPGUSA _beng |
||
| 042 | _adc | ||
| 100 | 1 |
_aAimard, Gustave, _d1818-1883 |
|
| 245 | 1 | 4 |
_aThe Pearl of the Andes : _bA Tale of Love and Adventure _h[electronic resource] / _cGustave Aimard |
| 260 |
_bProject Gutenberg, _c2013 |
||
| 506 | _aPublic domain in the USA. | ||
| 516 | _aElectronic text | ||
| 700 | 1 | _aJohn, Percy B. St. | |
| 700 | 1 |
_aWraxall, Lascelles, _cSir, _d1828-1865 |
|
| 830 | 0 |
_aProject Gutenberg _v43838 |
|
| 856 | 4 | 0 | _uhttp://www.gutenberg.org/ebooks/43838 |
| 942 | _cEB | ||
| 999 |
_c273089 _d273089 |
||